header

Child-centred attachment therapy (Record no. 143654)

MARC details
000 -LEADER
fixed length control field 01525nam a2200373Ia 4500
082 04 - DEWEY DECIMAL CLASSIFICATION NUMBER
Classification number 618.928
100 1# - MAIN ENTRY--AUTHOR NAME
Personal name Raicar, Alexandra Maeja.
245 10 - TITLE STATEMENT
Title Child-centred attachment therapy
260 ## - PUBLICATION, DISTRIBUTION, ETC. (IMPRINT)
Place of publication London :
Name of publisher Karnac,
Year of publication 2009.
300 ## - PHYSICAL DESCRIPTION
Number of Pages xvi, 214 p. :
Other physical details ill.
490 1# - SERIES STATEMENT
Series statement UKCP series
650 #0 - SUBJECT ADDED ENTRY--TOPICAL TERM
Topical Term Attachment behavior in children.
Topical Term Adopted children
700 1# - ADDED ENTRY--PERSONAL NAME
Personal name Sear, Pauline.
Personal name Gall, Maggie.
856 40 - ELECTRONIC LOCATION AND ACCESS
Uniform Resource Identifier http://site.ebrary.com/lib/rucke/Doc?id=10428126

No items available.

© 2026 Rongo University
Contact us: librarian | system librarian | Rongo university